| 000 | 00846cam a22002651 4500 | ||
|---|---|---|---|
| 999 |
_c17668 _d17668 |
||
| 001 | 8665830 | ||
| 003 | ASL | ||
| 005 | 20231015025623.0 | ||
| 008 | 760205s1903 enk 000 0 eng c | ||
| 010 | _a 03014836 | ||
| 035 | _a(OCoLC)1969333 | ||
| 040 |
_aN.Y. Pub. Libr. _cASL _dASL _dTxCM |
||
| 042 | _apremarc | ||
| 050 | 0 | 0 |
_aDS423 _b.D2 |
| 082 |
_bDAB _a294.354 |
||
| 100 | 1 |
_aDavids, T. W. Rhys _q(Thomas William Rhys), _d1843-1922. |
|
| 245 | 1 | 0 |
_aBuddhist India / _cT. W. Thys Davids |
| 260 |
_aLondon: _bT. Fisher Unwin, _aNew York, _bG. P. Putnam's sons, _c1903. |
||
| 300 |
_axv, 332 p.: _billus., 1 map (fold.); _c20 cm. |
||
| 440 | 0 | _aStory of the nations. | |
| 651 | 0 |
_aIndia _xHistory. _vBuddhist _vBuddhism _yReligion |
|
| 651 | 0 |
_aIndia _xCivilization. |
|
| 906 |
_a7 _bcbc _coclcrpl _du _encip _f19 _gy-gencatlg |
||
| 942 |
_2ddc _cBK |
||